The Rocky Horror picture show /

Gespeichert in:
Bibliographische Detailangaben
Format: Buch
Sprache:Italienisch
Veröffentlicht: Milano : Gammalibri, 1983
Tags: Tag hinzufügen
Keine Tags, Fügen Sie das erste Tag hinzu!

MARC

LEADER 00000nam a22000007i 4500
001 IT\ICCU\CAM\0246407
003 ItRI
005 20251208111707.0
008 210611s1983 it |||||| ||||| |||||c
040 |b ita  |c Comunitas Ancona 
041 7 |a ita  |2 ISO-639-2 
245 0 0 |a The Rocky Horror picture show /  |c Paolo Belluso, Flavio Merkel. 
260 |a Milano :  |b Gammalibri,  |c 1983 
300 |a 130 p. :  |b ill. ;  |c 21 cm. \\SCH 2079 
942 |2 ddc  |c BK 
952 |0 0  |1 0  |2 ddc  |4 0  |6 791_430000000000000_BEL_ROC  |7 0  |9 10027  |a AN  |b AN  |d 2025-12-08  |l 0  |o 791.43 BEL ROC  |p 11589  |r 2025-12-08 11:21:14  |w 2025-12-08  |y BK 
981 1 |6 z01  |a i   |b xxxe  
982 1 |6 z01  |a n 
999 |c 8363  |d 8363